Normal view
MARC view
- Silva Castillo, Elizabet
Entry Nombre Personal
001 - NUMERO DE CONTROL
- campo de control: 52375
003 - IDENTIFICADOR DE NUMERO DE CONTROL
- campo de control: DLC
005 - FECHA Y HORA DE LA ÜLTIMA TRANSACCIÓN
- campo de control: 20240612184102.0
008 - DATOS DE LONGITUD FIJA
- campo de control de longitud fija: 150625nn acnnnaabn |a aaa c
010 ## - NÚMERO DE CONTROL DE LA BIBLIOTECA DEL CONGRESO
- Número de control LC: no2015084774
035 ## - NUMERO DE CONTROL
- Número de control: (OCoLC)oca10203145
040 ## - FUENTE DE CATALOGACIÓN
- Agencia original de catalogación: UOr
- Lenguaje de catalogación: spa
- Description conventions: rda
- Agencia de transcripción: UOr
- Agencia que lo modifica: MX-MxUPN
100 1# - ENCABEZAMIENTO - NOMBRE PERSONAL
- Nombre personal: Silva Castillo, Elizabet
377 ## - LENGUA ASOCIADA
- Language code: spa
400 1# - VEÁSE - NOMBRE DE PERSONA
- Personal name: Castillo, Elizabet Silva
670 ## - FUENTE EN LA QUE SE LOCALIZARON DATOS
- Cita de la fuente: Español. Cuarto grado. Lecturas, 2005:
- Información localizada: reverso de la portada (Elizabet Silva Castillo, co-author with Margarita Gómez Palacio and others; this title is part of the free textbook distribution through the Secretaría de Educación Pública (Mexico) and the Comisión Nacional de los Libros de Texto Gratuitos (Mexico).)
902 ## - CATALOGADOR
- Catalogador: VíctorGodínez/120624
